000 00315nam a22001337a 4500
008 170628b xxu||||| |||| 00| 0 eng d
020 _a9780312066628
041 _aeng
080 _a82
100 _a22
101 _aGJL
245 _aWORKING WITH WORDS A CONCISE HAND BOOK
_cBROKS.B.S
942 _2udc
_cBK
999 _c19427
_d19427